Le mot "diamant(s)" dans le titre de films - Statistiques

Statistiques générales
  • Ce quiz a été pris 109 fois
  • Le résultat moyen est 5 sur 10
Statistiques - réponses
Titre Mot % Correct
A la poursuite du diamant .... vert
80%
Les diamants sont ... éternels
76%
Diamants sur .... canapé
68%
Diamant n.... noir
63%
r...... diamant rouge
56%
contre une .... de diamants poignée
53%
Le diamant du ... Nil
51%
Le .... diamant dernier
4%
c.... et diamant cendres
1%
Diamant .... 13
0%
Aucun quiz correspondant
Distribution des résultats
% des personnes avec chaque résultat
Percentile par nombre de réponses
Votre historique - résultats
Vous n’avez pas pris ce quiz